Представление документа в формате MARC21

Поле Инд. ПП Название Значение
Тип записи a
Библиографический уровень a
001 Контрольный номер RU/IS/BASE/264552130
005 Дата корректировки 20240125092846.3
008 Кодируемые данные 19981104
040 00 e Правила каталог. Т 981104
084 a Индекс другой классификации/Индекс ББК 63.229
090 00 a Полочн. индекс 63.3(0)3я43
x Авторский знак В 387
100 10 a Автор Ушаков П. Н.
245 00 a Заглавие Проблема древнейшего населения Малой Азии, Кавказа и Эгеиды
650 04 a Основная рубрика исторические науки
a Основная рубрика источниковедение
653 00 a Ключевые слова анализ
a Ключевые слова восточная филология
a Ключевые слова географические названия
a Ключевые слова древние языки
a Ключевые слова древний мир
a Ключевые слова историческая этнология (историческая этнография)
a Ключевые слова история
a Ключевые слова Кавказ
a Ключевые слова Малая Азия
a Ключевые слова население
a Ключевые слова топонимика
a Ключевые слова эпиграфические памятники
773 00 d Дата издания источника Москва, 1939
g Прочая информация Т.3(8), 4(9). - С. 50-59
t Заглавие источника Вестник древней истории
w Контрольный № источника RU/IS/BASE/101818640
901 t Тип документа a